[Event "XXXIV Open Internacional de Barbera del Valles - G
[Site "Barbera del Valles (Spain)"]
[Date "2011.07.07"]
[Round "4"]
[Board "1"]
[White "SUBIRATS RUIZ, Sergi"]
[Black "VEHI BACH, Victor Manuel"]
[Result "0-1"]
[WhiteElo "2179"]
[BlackElo "2403"]
[PlyCount "60"]
[EventDate "2011.07.04"]
[EventRounds "9"]
[EventCountry "ESP"]

1.e4 c5 2.Qe2 Nc6 3.g3 g6 4.Bg2 Bg7 5.c3 d6 6.Na3 Rb8 7.h4 h5 8.Nh3 e5 9.O-O
Nge7 10.Nc2 O-O 11.b4 cxb4 12.cxb4 b5 13.Bb2 d5 14.exd5 Nxd5 15.a3 Nd4 16.Nxd4
exd4 17.Ng5 Bg4 18.Qd3 a6 19.Qb3 Nb6 20.Be4 Nc4 21.Rad1 Bxd1 22.Rxd1 Nxb2
23.Bxg6 Qe7 24.Bh7+ Kh8 25.Qf3 Rb6 26.Rc1 Nc4 27.Be4 Rh6 28.Bd5 Ne5 29.Qe4 f6
30.Rc8 fxg5 0-1

[Event "XXXIV Open Internacional de Barbera del Valles - G
[Site "Barbera del Valles (Spain)"]
[Date "2011.07.07"]
[Round "4"]
[Board "1"]
[White "CARSTENSEN, Jacob"]
[Black "ARANAZ MURILLO, Amalia"]
[Result "1-0"]
[WhiteElo "2391"]
[BlackElo "2176"]
[PlyCount "49"]
[EventDate "2011.07.04"]
[EventRounds "9"]
[EventCountry "ESP"]

1.d4 Nf6 2.c4 c5 3.d5 b5 4.cxb5 a6 5.bxa6 g6 6.Nc3 Bxa6 7.g3 d6 8.Bg2 Bg7 9.Nf3
Nfd7 10.O-O Nb6 11.Qc2 O-O 12.Rd1 N8d7 13.Rb1 Bc4 14.b3 Bxc3 15.Qxc3 Bxe2 16.Bh6
f6 17.Rd2 Bxf3 18.Bxf3 Re8 19.Bg4 Nf8 20.Re1 Nbd7 21.f4 Qa5 22.Qb2 Nb6 23.Rde2
Ra7 24.Bxf8 Kxf8 25.Rxe7 1-0

[Event "XXXIV Open Internacional de Barbera del Valles - G
[Site "Barbera del Valles (Spain)"]
[Date "2011.07.07"]
[Round "4"]
[Board "1"]
[White "KASHTANOV, Ruslan"]
[Black "TRUJILLO, Villega Pablo Adrian"]
[Result "1-0"]
[WhiteElo "2360"]
[BlackElo "2173"]
[PlyCount "81"]
[EventDate "2011.07.04"]
[EventRounds "9"]
[EventCountry "ESP"]

1.e4 c5 2.Nf3 Nc6 3.d4 cxd4 4.Nxd4 g6 5.c4 Nf6 6.Nc3 Nxd4 7.Qxd4 d6 8.Bg5 Bg7
9.Qd2 O-O 10.Rc1 a5 11.b3 Be6 12.Bd3 Qb6 13.O-O Rfc8 14.Na4 Qd8 15.Rfe1 Nd7
16.Nc3 Bf6 17.Be3 Nc5 18.Bb1 a4 19.b4 Nd7 20.Nd5 Bxd5 21.exd5 Ne5 22.c5 dxc5
23.bxc5 b5 24.Qb4 Nc4 25.Bf4 Qxd5 26.Be4 Qd4 27.Bxa8 Qxf4 28.Bb7 Rc7 29.Qxb5 Nd6
30.Qb6 Rxb7 31.Qd8+ Kg7 32.g3 Qd2 33.Rcd1 Qxa2 34.cxd6 exd6 35.Qxd6 Rb2 36.Ra1
Qb3 37.Ra3 Qc2 38.Rf3 Bc3 39.Re7 Rb1+ 40.Kg2 Qd1 41.Rfxf7+ 1-0

[Event "XXXIV Open Internacional de Barbera del Valles - G
[Site "Barbera del Valles (Spain)"]
[Date "2011.07.07"]
[Round "4"]
[Board "1"]
[White "BALS HERNANDEZ, Jordi"]
[Black "VIDARTE MORALES, Arturo"]
[Result "1-0"]
[WhiteElo "2089"]
[BlackElo "2359"]
[PlyCount "69"]
[EventDate "2011.07.04"]
[EventRounds "9"]
[EventCountry "ESP"]

1.d4 d5 2.c4 e6 3.Nc3 Be7 4.Nf3 Nf6 5.e3 O-O 6.Bd3 c5 7.O-O Nc6 8.b3 cxd4 9.exd4
b6 10.Bb2 Bb7 11.Rc1 Rc8 12.Re1 Nb4 13.Bf1 dxc4 14.bxc4 Re8 15.a3 Nc6 16.Qd3 Na5
17.Nd1 Bd6 18.Ne3 Bf4 19.Nd2 e5 20.d5 Nd7 21.Ne4 g6 22.Qd1 Bxh2+ 23.Kxh2 Qh4+
24.Kg1 Qxe4 25.g3 Nxc4 26.Rxc4 Rxc4 27.Bd3 Rd4 28.Bxe4 Rxd1 29.Rxd1 f5 30.Bg2 e4
31.Bf1 Nc5 32.Bb5 Rf8 33.d6 Kf7 34.d7 Nd3 35.Be5 1-0

[Event "XXXIV Open Internacional de Barbera del Valles - G
[Site "Barbera del Valles (Spain)"]
[Date "2011.07.07"]
[Round "4"]
[Board "1"]
[White "BUFI PUJADAS, Antonio"]
[Black "CRUZ LLEDO, Pablo"]
[Result "0-1"]
[WhiteElo "1902"]
[BlackElo "2269"]
[PlyCount "82"]
[EventDate "2011.07.04"]
[EventRounds "9"]
[EventCountry "ESP"]

1.e4 c6 2.d4 d5 3.Nc3 dxe4 4.Nxe4 Bf5 5.Ng3 Bg6 6.Nf3 Nd7 7.h4 h6 8.h5 Bh7 9.Bd3
Bxd3 10.Qxd3 e6 11.Bd2 Ngf6 12.O-O-O Qc7 13.Kb1 O-O-O 14.c4 Be7 15.Ne4 e5
16.Nxf6 Bxf6 17.Bc3 Kb8 18.Qf5 exd4 19.Nxd4 Rhe8 20.Ba5 Nb6 21.Qg4 Qc8 22.Qxc8+
Kxc8 23.Bxb6 axb6 24.Nf5 Re2 25.Rxd8+ Kxd8 26.Rd1+ Kc7 27.Nd4 Rxf2 28.g3 Rg2
29.Rd3 Bxd4 30.Rxd4 Rxg3 31.Rf4 f6 32.a4 Rg5 33.Rh4 b5 34.axb5 cxb5 35.cxb5 Rxb5
36.Kc2 Kd6 37.Kc3 Ke6 38.b4 Rg5 39.Re4+ Kf5 40.Re7 b5 41.Kd4 Kg4 0-1

[Event "XXXIV Open Internacional de Barbera del Valles - G
[Site "Barbera del Valles (Spain)"]
[Date "2011.07.07"]
[Round "4"]
[Board "1"]
[White "LORENZO DE LA RIVA, Lazaro"]
[Black "SILVA RODRIGUEZ, Fernando"]
[Result "0-1"]
[WhiteElo "2391"]
[BlackElo "2064"]
[PlyCount "0"]
[EventDate "2011.07.04"]
[EventRounds "9"]
[EventCountry "ESP"]

1.d4 Nf6 2.c4 e6 3.Nf3 d5 4.Nc3 Bb4 5.e3 O-O 6.Bd3 b6 7.O-O Ba6 8.Ne5 Bb7 9.Qb3
Bxc3 10.Qxc3 Nbd7 11.Nxd7 Qxd7 12.b4 a5 13.b5 c6 14.cxd5 Nxd5 15.bxc6 Bxc6
16.Qd2 b5 17.Bb2 e5 18.Rac1 Nb4 19.Bb1 Bxg2 20.f3 Bxf1 21.Rxf1 exd4 22.Bxd4 Nc6
23.Qc2 f5 24.Ba1 Qe6 25.Re1 Ne5 26.Qc3 Rae8 27.Kf2 Rf6 28.Qd4 Rh6 29.Qf4 Ng6
30.Qc7 Re7 31.Qb8+ Kf7 32.Qg3 Kf8 33.Qb8+ Re8 34.Qxb5 Rxh2+ 35.Kg1 Rh5 36.Qxa5
Qe7 37.Bd4 Qh4 38.Kf1 Qg3 39.Ke2 Nf4+ 40.Kd2 Rh2+ 41.Kc1 Rc8+ 42.Bc5+ Kg8 43.Bc2
Nd3+ 0-1

[Event "XXXIV Open Internacional de Barbera del Valles - G
[Site "Barbera del Valles (Spain)"]
[Date "2011.07.07"]
[Round "4"]
[Board "1"]
[White "CASTRO EXPOSITO, Cristobal"]
[Black "CAPELLADES SUBIRANA, Marc"]
[Result "1/2-1/2"]
[WhiteElo "2084"]
[BlackElo "2260"]
[PlyCount "0"]
[EventDate "2011.07.04"]
[EventRounds "9"]
[EventCountry "ESP"]

1.d4 Nf6 2.Nf3 b6 3.e3 Bb7 4.Bd3 d6 5.O-O Nbd7 6.c4 e5 7.Bc2 g6 8.Nc3 Bg7 9.Rb1
O-O 10.b4 Nh5 11.d5 f5 12.a4 a5 13.bxa5 Rxa5 14.Nb5 Ra8 15.Bd2 Ba6 16.a5 Bxb5
17.Rxb5 Ra6 18.Bc3 Qe7 19.Nd2 Nhf6 20.Nb3 Rfa8 21.axb6 Nxb6 22.Na5 Qe8 23.Qe2
Nfd7 24.Rfb1 Nc5 25.Bb4 Ncd7 26.Bc3 e4 27.Bxg7 Rxa5 28.Bc3 Rxb5 29.Rxb5 Ra2
30.Qd1 Ne5 31.Bb3 Ra8 32.Qd4 Na4 33.Ba5 Nc5 34.Bxc7 Qxb5 35.cxb5 Nxb3 36.Qc3
Ra1+ 37.Qxa1 Nxa1 38.b6 Nd7 39.b7 Kf7 40.Bxd6 Nb3 41.f3 Nd2 42.Kf2 Nc4 43.b8=Q
Nxb8 44.Bxb8 Nb6 45.fxe4 fxe4 46.d6 Ke6 47.Kg3 Nd5 48.Kf2 Kd7 49.g4 Ke6 50.h3
Kd7 51.Kg3 Ke6 52.Kf2 Kd7 53.h4 h5 54.gxh5 gxh5 55.Ke2 Ke6 56.Kf2 Kd7 57.Ke2 Ke6
58.Kf2 1/2-1/2

[Event "XXXIV Open Internacional de Barbera del Valles - G
[Site "Barbera del Valles (Spain)"]
[Date "2011.07.07"]
[Round "4"]
[Board "1"]
[White "PHADKE, Sohan"]
[Black "DALO, Hermes"]
[Result "0-1"]
[WhiteElo "2252"]
[BlackElo "2049"]
[PlyCount "0"]
[EventDate "2011.07.04"]
[EventRounds "9"]
[EventCountry "ESP"]

1.e4 c5 2.Nf3 d6 3.d4 cxd4 4.Nxd4 Nf6 5.Nc3 a6 6.Bg5 e6 7.f4 Qc7 8.Qf3 b5 9.a3
Bb7 10.Bd3 Nbd7 11.Bh4 Be7 12.O-O h6 13.f5 e5 14.Nde2 Rc8 15.Bf2 Nb6 16.Kh1 Nc4
17.Qg3 Kf8 18.Rfe1 Nxb2 19.a4 b4 20.Na2 Nxe4 21.Bxe4 Bxe4 22.Nxb4 Qb7 23.Nd3
Rxc2 24.Nxb2 Rxb2 25.Nc3 Bxf5 26.Rad1 Be6 27.Rb1 g6 28.Rxb2 Qxb2 29.Rb1 Qc2
30.Rb7 Bg5 31.h4 Bf4 32.Qf3 Kg7 33.g3 Rc8 0-1

[Event "XXXIV Open Internacional de Barbera del Valles - G
[Site "Barbera del Valles (Spain)"]
[Date "2011.07.07"]
[Round "4"]
[Board "1"]
[White "DESHPANDE, Aniruddha"]
[Black "VAN DER VEEN, Ronald"]
[Result "1-0"]
[WhiteElo "2228"]
[BlackElo "2034"]
[PlyCount "0"]
[EventDate "2011.07.04"]
[EventRounds "9"]
[EventCountry "ESP"]

1.e4 c6 2.d4 d5 3.Nc3 dxe4 4.Nxe4 Bf5 5.Ng3 Bg6 6.h4 h6 7.Nf3 Nf6 8.h5 Bh7 9.Bd3
Bxd3 10.Qxd3 e6 11.Bd2 Nbd7 12.O-O-O Bd6 13.Ne4 Nxe4 14.Qxe4 Nf6 15.Qe2 Qc7
16.Kb1 Bf4 17.Be1 O-O-O 18.g3 Bd6 19.c4 Rhe8 20.Bc3 Re7 21.c5 Red7 22.cxd6 Rxd6
23.Ne5 Nd5 24.Qf3 f6 25.Nc4 R6d7 26.Rhe1 b5 27.Ba5 Qb7 28.Bxd8 bxc4 29.Ba5 Qb5
30.Bc3 a5 31.Ka1 a4 32.a3 Qb3 33.Rxe6 Rc7 34.Rc1 Nb4 35.Re8+ Kd7 36.Qf5+ Kxe8
37.Bxb4 Rf7 38.Qe6+ Re7 39.Qxe7# 1-0

[Event "XXXIV Open Internacional de Barbera del Valles - G
[Site "Barbera del Valles (Spain)"]
[Date "2011.07.07"]
[Round "4"]
[Board "1"]
[White "ANUPRITA, Patil"]
[Black "NAVARRETE ESPI, Samuel"]
[Result "1-0"]
[WhiteElo "2048"]
[BlackElo "2169"]
[PlyCount "0"]
[EventDate "2011.07.04"]
[EventRounds "9"]
[EventCountry "ESP"]

1.d4 Nf6 2.c4 g6 3.g3 Bg7 4.Bg2 O-O 5.Nc3 c6 6.Nf3 d5 7.cxd5 cxd5 8.Ne5 e6 9.O-O
Nfd7 10.Nf3 Nc6 11.e4 dxe4 12.Nxe4 Qb6 13.Qe2 e5 14.d5 Nd4 15.Qc4 Qa5 16.Bd2 Qb5
17.Qxb5 Nxb5 18.a4 Nd4 19.Nxd4 exd4 20.Rfe1 Nb6 21.Bb4 Rd8 22.Be7 Rd7 23.d6 Nc4
24.b3 Nb2 25.Nf6+ Bxf6 26.Bxf6 Kf8 27.Bxd4 Nd3 28.Re3 Nb4 29.Rae1 f6 30.Bc5 Na6
31.Ba3 Kg7 32.Re7+ Kh6 33.Rxd7 Bxd7 34.Bxb7 Rb8 35.Bxa6 Rxb3 36.Bc1+ g5 37.Bb5 1-0

[Event "XXXIV Open Internacional de Barbera del Valles - G
[Site "Barbera del Valles (Spain)"]
[Date "2011.07.07"]
[Round "4"]
[Board "1"]
[White "MARMILI, Giulio"]
[Black "SANCHEZ DENGRA, Jose Maria"]
[Result "1/2-1/2"]
[WhiteElo "2165"]
[BlackElo "1986"]
[PlyCount "0"]
[EventDate "2011.07.04"]
[EventRounds "9"]
[EventCountry "ESP"]

1.Nf3 d5 2.c4 c6 3.g3 Nf6 4.Bg2 dxc4 5.a4 Bf5 6.O-O e6 7.Nc3 h6 8.Ne5 Qd4 9.Nf3
Qb6 10.a5 Qc7 11.Qa4 Nbd7 12.Qxc4 Rc8 13.e4 Bg4 14.d4 e5 15.Nxe5 Nxe5 16.dxe5
Qxe5 17.Be3 Be6 18.Qe2 Bc5 19.f4 Qh5 20.Bxc5 Qxc5+ 21.Qf2 Qxf2+ 22.Rxf2 O-O
23.e5 Nd5 24.f5 Nxc3 25.fxe6 Nd5 26.Bh3 Rce8 27.Raf1 f6 28.exf6 Rxf6 29.Rxf6
Nxf6 30.Rc1 Nh7 31.a6 bxa6 32.Rxc6 Ng5 33.Bg4 h5 34.Be2 Nxe6 35.Bc4 Kf7 36.Rxa6
Re7 37.Kf2 Kf6 38.Ke3 Kf5 39.Ra5+ Kg6 40.Re5 Kf6 41.Rxh5 Ng5+ 42.Kd4 Re8 43.Bd5
Rb8 44.b3 Kg6 45.Rh4 Rxb3 46.Bxb3 Nf3+ 47.Ke3 Nxh4 48.gxh4 Kh5 49.Kf3 Kxh4
50.Kg2 Kg4 51.Bd1+ Kh4 52.Be2 a5 53.Bd1 g6 54.Ba4 Kg5 55.Bb5 Kh4 56.Bd7 g5
57.Ba4 Kg4 58.Bc6 Kh4 59.Bd7 g4 60.Be8 Kg5 61.Kg3 Kf6 62.Kh4 Kf5 63.Bd7+ Kg6
64.Ba4 Kf5 65.Bc2+ Kf4 66.Bd1 Kf5 67.Kh5 Kf6 68.Kh6 Kf5 69.Kh5 Kf6 70.Ba4 Kf5
71.Bd7+ Kf6 72.Kh6 Kf7 73.Kh7 Kf6 74.Kh6 Kf7 75.Ba4 1/2-1/2

[Event "XXXIV Open Internacional de Barbera del Valles - G
[Site "Barbera del Valles (Spain)"]
[Date "2011.07.07"]
[Round "4"]
[Board "1"]
[White "JARENO BADENAS, Aleix"]
[Black "LUNA CORTES, Luis"]
[Result "1-0"]
[WhiteElo "2026"]
[BlackElo "2143"]
[PlyCount "0"]
[EventDate "2011.07.04"]
[EventRounds "9"]
[EventCountry "ESP"]

1.e4 g6 2.d4 Bg7 3.Nc3 d6 4.Be3 Nf6 5.Qd2 O-O 6.O-O-O c6 7.f3 b5 8.g4 Qa5 9.Kb1
b4 10.Nce2 Be6 11.Nc1 Rc8 12.Bh6 Bh8 13.h4 c5 14.d5 Bd7 15.h5 c4 16.hxg6 hxg6
17.Qh2 e5 18.Qh4 Qd8 19.Rd2 c3 20.Rdh2 cxb2 21.Nb3 a5 22.Bg5 Bg7 23.Bxf6 Qxf6
24.g5 Qxg5 25.Qxg5 a4 26.Kxb2 axb3 27.cxb3 1-0

[Event "XXXIV Open Internacional de Barbera del Valles - G
[Site "Barbera del Valles (Spain)"]
[Date "2011.07.07"]
[Round "4"]
[Board "1"]
[White "GARCIA DE LOMAS GUERRERO, Carlo"]
[Black "MARTIN CAPITAN, Feliciano"]
[Result "1-0"]
[WhiteElo "1980"]
[BlackElo "2133"]
[PlyCount "69"]
[EventDate "2011.07.04"]
[EventRounds "9"]
[EventCountry "ESP"]

1.e4 e5 2.Nf3 Nc6 3.d4 exd4 4.Nxd4 Nf6 5.Nxc6 bxc6 6.e5 Nd5 7.c4 Nb6 8.Bf4 Bb4+
9.Nd2 Qe7 10.a3 Bxd2+ 11.Qxd2 d6 12.Qe3 Be6 13.Rc1 O-O 14.Bd3 dxe5 15.Qxe5 Rad8
16.Be2 f6 17.Qxc7 Rd7 18.Qxc6 Rc8 19.Qe4 f5 20.Qe3 Qf7 21.O-O Bxc4 22.Rfe1 h6
23.Bxc4 Rxc4 24.Rxc4 Nxc4 25.Qc3 Nb6 26.h3 Nd5 27.Qf3 Nf6 28.Qc6 Rd3 29.Qc8+ Qf8
30.Qxf5 Qd8 31.Kh2 Rd1 32.Rxd1 Qxd1 33.Bxh6 Qd4 34.Bg5 Ne4 35.Be3 1-0

[Event "XXXIV Open Internacional de Barbera del Valles - G
[Site "Barbera del Valles (Spain)"]
[Date "2011.07.07"]
[Round "4"]
[Board "1"]
[White "DO SANTOS JULIO, Joao Manuel"]
[Black "POZANCO ROMASANTA, Marc"]
[Result "1-0"]
[WhiteElo "2104"]
[BlackElo "1916"]
[PlyCount "51"]
[EventDate "2011.07.04"]
[EventRounds "9"]
[EventCountry "ESP"]

1.e4 c5 2.Nf3 e6 3.d4 cxd4 4.Nxd4 Nf6 5.Bd3 Nc6 6.Nxc6 bxc6 7.c4 e5 8.O-O Bc5
9.Nc3 O-O 10.Bg5 d6 11.Kh1 h6 12.Bh4 g5 13.Bg3 Kg7 14.a3 Bd4 15.Rc1 a5 16.b4
axb4 17.axb4 Qb6 18.Ne2 Be6 19.Rb1 Rfb8 20.c5 dxc5 21.Nxd4 cxd4 22.Bxe5 Re8
23.f4 Ba2 24.Ra1 Rxe5 25.fxe5 Nd7 26.Rxa2 1-0

[Event "XXXIV Open Internacional de Barbera del Valles - G
[Site "Barbera del Valles (Spain)"]
[Date "2011.07.07"]
[Round "4"]
[Board "1"]
[White "MINGARRO CARCELLER, Sergi"]
[Black "BAS MAS, Jose Joaquin"]
[Result "0-1"]
[WhiteElo "2069"]
[BlackElo "2194"]
[PlyCount "90"]
[EventDate "2011.07.04"]
[EventRounds "9"]
[EventCountry "ESP"]

1.e4 e6 2.d4 d5 3.Nd2 c5 4.exd5 exd5 5.Ngf3 Nc6 6.Bb5 Bd6 7.O-O cxd4 8.Nxd4
Bxh2+ 9.Kh1 Be5 10.N2f3 Bxd4 11.Qxd4 Nge7 12.Qxg7 Rg8 13.Qf6 Be6 14.Bf4 Nf5
15.Qxd8+ Kxd8 16.c3 Rg4 17.Bh2 f6 18.Rfe1 Ke7 19.Bd3 Nd6 20.Re2 Kd7 21.Bxd6 Kxd6
22.Bb5 Rag8 23.Bxc6 bxc6 24.Nd4 Bd7 25.f3 Rg3 26.Kh2 h5 27.f4 c5 28.Nf3 R3g4
29.Rd1 Rxf4 30.Red2 Be6 31.Re2 h4 32.Ng1 Bg4 33.Nf3 Rxf3 34.gxf3 Bxf3 35.Rde1
Bxe2 36.Rxe2 d4 37.c4 Rg4 38.Kh3 d3 39.Rd2 Rd4 40.Kg2 Ke5 41.Kf3 Rf4+ 42.Ke3
Re4+ 43.Kf3 Kd4 44.b3 Re3+ 45.Kf2 h3 0-1

[Event "XXXIV Open Internacional de Barbera del Valles - G
[Site "Barbera del Valles (Spain)"]
[Date "2011.07.07"]
[Round "4"]
[Board "1"]
[White "AMORES GAGO, Javier"]
[Black "DURAN, Reinaldo"]
[Result "1-0"]
[WhiteElo "2041"]
[BlackElo "2098"]
[PlyCount "77"]
[EventDate "2011.07.04"]
[EventRounds "9"]
[EventCountry "ESP"]

1.e4 c5 2.Nc3 Nc6 3.g3 g6 4.Bg2 Bg7 5.d3 e6 6.f4 d6 7.Nf3 Nge7 8.O-O O-O 9.Ne2
e5 10.c3 d5 11.Nxe5 Nxe5 12.fxe5 d4 13.c4 Nc6 14.Nf4 Nxe5 15.h3 b5 16.b3 Rb8
17.Ba3 b4 18.Bc1 a5 19.a3 Bd7 20.axb4 axb4 21.Qc2 Ra8 22.Bb2 Qb6 23.Nd5 Qd6
24.Rxa8 Rxa8 25.Bc1 Ra1 26.Bf4 Qa6 27.Rxa1 Qxa1+ 28.Kh2 h6 29.Qd2 g5 30.Bxg5
hxg5 31.Qxg5 Qa6 32.Qd8+ Kh7 33.Ne7 Qf6 34.Qg8+ Kh6 35.Qd8 Qf2 36.Nf5+ Bxf5
37.Qh4+ Kg6 38.exf5+ Kxf5 39.g4+ 1-0

[Event "XXXIV Open Internacional de Barbera del Valles - G
[Site "Barbera del Valles (Spain)"]
[Date "2011.07.07"]
[Round "4"]
[Board "1"]
[White "GUIX TORRES, David"]
[Black "RIDAMEYA TATCHE, Jose Miguel"]
[Result "1-0"]
[WhiteElo "2019"]
[BlackElo "2072"]
[PlyCount "137"]
[EventDate "2011.07.04"]
[EventRounds "9"]
[EventCountry "ESP"]

1.e4 e6 2.Nc3 d5 3.Nf3 Nf6 4.e5 Nfd7 5.d4 c5 6.dxc5 Nc6 7.Bf4 Nxc5 8.Be2 a6
9.O-O Be7 10.a3 O-O 11.b4 Nd7 12.b5 axb5 13.Nxb5 Nb6 14.Bd3 f5 15.exf6 Bxf6
16.Bc7 Qe8 17.Bxb6 Bxa1 18.Nc7 Qh5 19.Nxa8 Bf6 20.Bc5 Rd8 21.Nb6 d4 22.Bb4 e5
23.Nxc8 Rxc8 24.Nd2 Qe8 25.Ne4 Be7 26.Bxe7 Qxe7 27.Qg4 Rf8 28.Ng5 h6 29.Qe6+
Qxe6 30.Nxe6 Ra8 31.f4 Kf7 32.Nc7 Rxa3 33.fxe5+ Ke7 34.Rb1 Kd7 35.Nb5 Ra5
36.Bf5+ Ke7 37.e6 Ra4 38.Nc7 Kf6 39.Be4 Nd8 40.Bxb7 Rc4 41.Rf1+ Ke7 42.Nd5+ Kxe6
43.Nf4+ Kd6 44.Be4 Rb4 45.Bd3 Rb2 46.Ra1 Nc6 47.Ra6 Kc7 48.Ne6+ Kb7 49.Ra3 g5
50.Rb3+ Rxb3 51.cxb3 Kb6 52.Be4 Na5 53.Nxd4 Kc5 54.b4+ Kxb4 55.Nc6+ Nxc6 56.Bxc6
Kc5 57.Be8 Kd4 58.Kf2 Ke5 59.g4 Kf4 60.h3 Ke4 61.Bc6+ Kf4 62.Bb7 Ke5 63.Ke3 h5
64.Be4 Ke6 65.Kd4 Kf6 66.Kd5 Kg7 67.Ke6 Kh6 68.Kf5 h4 69.Bc6 1-0

[Event "XXXIV Open Internacional de Barbera del Valles - G
[Site "Barbera del Valles (Spain)"]
[Date "2011.07.07"]
[Round "4"]
[Board "1"]
[White "ROSICH VALLES, Alfredo"]
[Black "AMRUTHA, Mokal"]
[Result "1-0"]
[WhiteElo "2374"]
[BlackElo "2042"]
[PlyCount "95"]
[EventDate "2011.07.04"]
[EventRounds "9"]
[EventCountry "ESP"]

1.d4 Nf6 2.c4 e6 3.Nc3 Bb4 4.Qc2 c5 5.dxc5 Bxc5 6.Nf3 Qb6 7.e3 Qc7 8.Bd2 b6
9.Nb5 Qd8 10.b4 Be7 11.Bd3 a6 12.Nbd4 Qc7 13.O-O Bb7 14.e4 d6 15.Rfe1 Nbd7 16.a4
Rc8 17.a5 bxa5 18.Rxa5 O-O 19.Raa1 Ng4 20.Rac1 Qb8 21.Bf1 Bd8 22.h3 Nge5 23.Nxe5
Nxe5 24.Qb2 Bb6 25.Nb3 f5 26.c5 Bc7 27.exf5 Rxf5 28.Nd4 Rf6 29.c6 Ba8 30.Bxa6
Rcf8 31.Be3 Bb6 32.Bf1 Rg6 33.b5 Bxd4 34.Bxd4 Nf3+ 35.Kh1 Nxe1 36.Rxe1 e5
37.Qa2+ Kh8 38.Ba7 Qc8 39.Rc1 Rf4 40.Be3 Rh4 41.Qd5 e4 42.Ra1 h6 43.Qf7 Kh7
44.Qd7 Qf8 45.Ra7 d5 46.Qxd5 Qb4 47.Rxa8 Qe1 48.Qg8# 1-0

[Event "XXXIV Open Internacional de Barbera del Valles - G
[Site "Barbera del Valles (Spain)"]
[Date "2011.07.07"]
[Round "4"]
[Board "1"]
[White "GEORGIEVA, Emilia"]
[Black "THOMPSON, Ian D"]
[Result "0-1"]
[WhiteElo "1975"]
[BlackElo "2274"]
[PlyCount "108"]
[EventDate "2011.07.04"]
[EventRounds "9"]
[EventCountry "ESP"]

1.d4 d5 2.Nf3 Nf6 3.Bg5 Ne4 4.Bf4 c5 5.c3 Qb6 6.Qc1 Nc6 7.e3 Bf5 8.Be2 Rc8 9.O-O
e6 10.Nbd2 Be7 11.dxc5 Nxc5 12.a4 O-O 13.a5 Qd8 14.Nd4 Bg6 15.Nxc6 Rxc6 16.Bb5
Rc8 17.Bg3 a6 18.Be2 f6 19.Qd1 e5 20.Nb3 Bf7 21.Nxc5 Rxc5 22.Qa4 Qc7 23.Bd3 Bd8
24.Qc2 g6 25.h4 Rxa5 26.h5 Rxa1 27.Rxa1 Kg7 28.Ra4 Qd7 29.hxg6 hxg6 30.Rh4 e4
31.Be2 b5 32.Qd1 Bb6 33.Rxe4 g5 34.Bf3 Be6 35.Rxe6 Qxe6 36.Bxd5 Rd8 37.Bxe6
Rxd1+ 38.Kh2 a5 39.b4 a4 40.c4 bxc4 41.Bxc4 a3 42.f4 gxf4 43.Bxf4 Rd2 44.e4 a2
45.Bxa2 Rxa2 46.e5 Bd4 47.exf6+ Kxf6 48.Kh3 Be5 49.Bh6 Ra3+ 50.Kh4 Rg3 51.Bf8
Rxg2 52.Kh3 Rg3+ 53.Kh4 Kf5 54.Bc5 Rg2 0-1

[Event "XXXIV Open Internacional de Barbera del Valles - G
[Site "Barbera del Valles (Spain)"]
[Date "2011.07.07"]
[Round "4"]
[Board "1"]
[White "LOSADA CARRERA, Francisco Javie"]
[Black "BALAGUE CAMPS, Marc"]
[Result "0-1"]
[WhiteElo "2231"]
[BlackElo "2119"]
[PlyCount "66"]
[EventDate "2011.07.04"]
[EventRounds "9"]
[EventCountry "ESP"]

1.e4 c5 2.Nf3 e6 3.d3 Nc6 4.g3 d5 5.Nbd2 Nge7 6.Bg2 g6 7.O-O Bg7 8.Re1 b6 9.c3
a5 10.Qa4 O-O 11.e5 Ba6 12.c4 Qc7 13.Qb3 Nxe5 14.Nxe5 Bxe5 15.Nf3 Bd6 16.Bh6
Rfe8 17.cxd5 exd5 18.Bh3 Bc8 19.Bxc8 Raxc8 20.Nh4 Be5 21.Re2 Bf6 22.Bf4 Qc6
23.Nf3 Nf5 24.Rae1 Rxe2 25.Rxe2 g5 26.Be5 Re8 27.d4 g4 28.Qd3 gxf3 29.Qxf3 Bxe5
30.Qxf5 Bxd4 31.Qg4+ Bg7 32.Rxe8+ Qxe8 33.h4 Qe6 0-1

[Event "XXXIV Open Internacional de Barbera del Valles - G
[Site "Barbera del Valles (Spain)"]
[Date "2011.07.08"]
[Round "5"]
[Board "1"]
[White "NARCISO DUBLAN, Marc"]
[Black "PERALTA, Fernando"]
[Result "1/2-1/2"]
[WhiteElo "2544"]
[BlackElo "2601"]
[PlyCount "138"]
[EventDate "2011.07.04"]
[EventRounds "9"]
[EventCountry "ESP"]

1.e4 c6 2.d4 d5 {[%emt 0:00:03]} 3.Nd2 dxe4 4.Nxe4 Bf5 5.Nc5 b6 6.Nb3 e6 7.Nf3
Bd6 8.g3 Nf6 9.Bg2 Nbd7 10.O-O O-O 11.Qe2 Qc7 12.Bg5 Rac8 13.Rad1 c5 14.dxc5
bxc5 15.Qd2 Ne4 16.Qc1 Nxg5 17.Nxg5 Be7 18.Ne4 Rfd8 19.Qe3 Nb6 20.c3 Na4 21.Qc1
Qb6 22.Qc2 Nxb2 23.Qxb2 c4 24.Rxd8+ Rxd8 25.Ra1 Bxe4 26.Bxe4 g6 27.Qc2 cxb3
28.axb3 a5 29.Bd3 Bf6 30.Bc4 Rd6 31.Rd1 Rxd1+ 32.Qxd1 Bxc3 33.Qe2 Bd4 34.Kg2 Kg7
35.h4 h5 36.Qf3 Qc5 37.Bf1 Qc2 38.Bb5 Qc7 {[%emt 0:12:41]} 39.Bc4 Bb6 40.Bf1 Qc5
41.Bc4 Qd4 42.Qe2 e5 43.Qc2 e4 44.Kg1 f5 45.Qe2 Kf6 46.Kg2 Kg7 47.Bg8 Bc5 48.Bc4
Ba7 49.Bb5 Bb6 50.Ba6 Bc5 51.Bc4 Kf8 52.Ba6 Ke7 53.Bc4 Qc3 54.Bg8 Kf6 55.Bc4 Ke5
56.Bf7 Qd3 57.Qxd3 exd3 58.Bxg6 Kd4 59.Kf1 Kc3 60.Bxf5 d2 61.Ke2 Bxf2 62.Kd1 Be1
63.Bg6 Kxb3 64.Bxh5 a4 65.Bf7+ Kc3 66.h5 Bxg3 67.h6 Be5 68.h7 a3 69.Bg8 Bh8 1/2-1/2

[Event "XXXIV Open Internacional de Barbera del Valles - G
[Site "Barbera del Valles (Spain)"]
[Date "2011.07.08"]
[Round "5"]
[Board "1"]
[White "GEORGIEV, Kiril"]
[Black "AROSHIDZE, Levan"]
[Result "1/2-1/2"]
[WhiteElo "2654"]
[BlackElo "2539"]
[PlyCount "104"]
[EventDate "2011.07.04"]
[EventRounds "9"]
[EventCountry "ESP"]

1.d4 Nf6 2.c4 e6 3.Nc3 Bb4 4.Qc2 O-O 5.a3 Bxc3+ 6.Qxc3 d6 7.Bg5 Nbd7 8.e3 b6
9.Ne2 c5 10.Qc2 Ba6 11.Rd1 Qc7 12.Nc3 cxd4 13.Rxd4 d5 14.Bxf6 Nxf6 15.cxd5 Bxf1
16.d6 Qc6 17.Kxf1 Rfd8 18.Qa4 Rxd6 19.Qxc6 Rxc6 20.Ke2 Kf8 21.Rhd1 Ke7 22.f4
Rac8 23.g4 R8c7 24.g5 Nd7 25.Nb5 Rb7 26.b4 e5 27.Rd5 exf4 28.Nd4 Rc3 29.exf4 g6
30.Nb5 Rc2+ 31.Kf3 Nf8 32.f5 gxf5 33.Nd6 Rd7 34.Nxf5+ Kd8 35.h4 Rc3+ 36.Kg4 Rxa3
37.Kh5 Ra4 38.b5 Rf4 39.Rxd7+ Nxd7 40.Rd5 Rc4 41.Kh6 Rc5 42.Rxc5 bxc5 43.Kxh7 c4
44.Kg7 c3 45.Ne3 Ke8 46.h5 Nf8 47.Kf6 Nd7+ 48.Kf5 Nb6 49.Ke4 Nc4 50.Kd3 Nd6
51.Kxc3 Nxb5+ 52.Kc4 Nc7 1/2-1/2

[Event "XXXIV Open Internacional de Barbera del Valles - G
[Site "Barbera del Valles (Spain)"]
[Date "2011.07.08"]
[Round "5"]
[Board "1"]
[White "DELGADO RAMOS, Hector"]
[Black "ARIZMENDI MARTINEZ, Julen Luis"]
[Result "1/2-1/2"]
[WhiteElo "2488"]
[BlackElo "2555"]
[PlyCount "0"]
[EventDate "2011.07.04"]
[EventRounds "9"]
[EventCountry "ESP"]

1.d4 Nf6 2.c4 e6 3.Nf3 d5 4.Nc3 Bb4 5.cxd5 exd5 6.Bg5 Nbd7 7.e3 c5 8.Bd3 Qa5
9.Qc2 c4 10.Bf5 O-O 11.O-O Re8 12.Nd2 g6 13.Bxd7 Nxd7 14.Rae1 Nb6 15.f3 Bd7
16.h4 Bxc3 17.bxc3 Na4 18.Rc1 Re6 19.e4 Rae8 20.Rfe1 b5 21.a3 Qc7 22.Nf1 dxe4
23.fxe4 Bc6 24.e5 f5 25.Ng3 Nb6 26.Rf1 Nd5 27.h5 Rf8 28.Qd2 a5 29.Rf2 Bb7
30.hxg6 hxg6 31.Ne2 Rf7 32.Nf4 Nxf4 33.Rxf4 Bd5 34.Rh4 Rh7 35.Qf4 Rxh4 36.Bxh4
Qh7 37.Rb1 Rb6 38.Qg5 Qd7 39.e6 Rxe6 40.a4 Rb6 41.Rxb5 Rxb5 42.Qxg6+ Qg7
43.Qxg7+ Kxg7 44.axb5 Kf7 45.Bg5 Kg6 46.Bc1 Kh5 47.Kf2 Kg4 48.g3 a4 49.Ba3 f4
50.gxf4 Kxf4 51.Ke2 Ke4 52.Bb4 Be6 53.Kd2 Kd5 54.Kc1 Bd7 55.b6 Kc6 56.Bc5 Bc8
57.Kb2 Bb7 58.Ka3 Kb5 59.Kb2 Bd5 60.Ka3 Bb7 61.Kb2 Bd5 62.Kc1 Bg2 63.Kb2 1/2-1/2